000 00363nam a2200145Ia 4500
001 13531
003 GE_BSU
008 181216s||||||||xx |||||||||||||| ||und||
040 _cGE_BSU
100 _aBingham,Karoline
245 4 _aThe Life and Times of Edvard II
245 _cIntroduction by Antonia Fraser
653 _aThe Life and Times of George V.
942 _cBK
999 _c46690
_d46690